Library 2.0 (Record no. 26294)
[ view plain ]
| 000 -LEADER | |
|---|---|
| fixed length control field | 00752 a2200145 4500 |
| 020 ## - INTERNATIONAL STANDARD BOOK NUMBER | |
| ISBN | 9789382845942 |
| 082 ## - DEWEY DECIMAL CLASSIFICATION NUMBER | |
| Classification number | 025.48 |
| Item number | LIB- |
| 245 ## - TITLE STATEMENT | |
| Title | Library 2.0 |
| Sub Title | : trends & issues |
| 260 ## - PUBLICATION, DISTRIBUTION, ETC. (IMPRINT) | |
| Name of publisher | S.K Jain & Sons |
| Year of publication | 2015 |
| Place of publication | Jaipur |
| 300 ## - PHYSICAL DESCRIPTION | |
| Number of Pages | v, 216p |
| 520 ## - SUMMARY, ETC. | |
| Summary, etc | Library 2.0 is the application of social media in library information centres to deliver quality information services to the users in an ever-changing dynamic environment. The book traces the origin & development of library 2.0 and highlights the features & importance of library 2.0 in the context of changing dimension of information paradigm. <br/> |
| 650 ## - SUBJECT ADDED ENTRY--TOPICAL TERM | |
| Topical Term | Library Science |
| Form subdivision | Information Communication Technology |
| -- | Digital Library |
| 700 ## - ADDED ENTRY--PERSONAL NAME | |
| Personal name | Satpathy, Chandra Kishor |
| 942 ## - ADDED ENTRY ELEMENTS (KOHA) | |
| Source of classification or shelving scheme | Dewey Decimal Classification |
| Koha item type | Books |
| Withdrawn status | Lost status | Damaged status | Not for loan | Home library | Current library | Date acquired | Source of acquisition | Cost, normal purchase price | Bill Date | Full call number | Accession Number | Cost, replacement price | Price effective from | Koha item type |
|---|---|---|---|---|---|---|---|---|---|---|---|---|---|---|
| NASSDOC Library | NASSDOC Library | 08/07/2020 | OP | 985.50 | 2020-06-11 | 025.48 LIB- | 51040 | 1350.00 | 15/07/2020 | Books |
